<?xml version='1.0' encoding='UTF-8'?>
  <record xmlns="http://www.loc.gov/MARC21/slim">
    <leader>00000nem a2200000 i 4500</leader>
    <controlfield tag="001">ocn980557622</controlfield>
    <controlfield tag="003">OCoLC</controlfield>
    <controlfield tag="005">20250202095513.2</controlfield>
    <controlfield tag="008">071107m1805uuuuxx nnn    u     0 inund d</controlfield>
    <datafield tag="040" ind1=" " ind2=" ">
      <subfield code="a">QGJ</subfield>
      <subfield code="b">dut</subfield>
      <subfield code="e">ncafnor</subfield>
      <subfield code="c">QGJ</subfield>
      <subfield code="d">OCLCO</subfield>
      <subfield code="d">OCLCL</subfield>
      <subfield code="d">OCLCQ</subfield>
    </datafield>
    <datafield tag="016" ind1="7" ind2=" ">
      <subfield code="a">FRBNF415141940000003</subfield>
      <subfield code="2">FrPBN</subfield>
    </datafield>
    <datafield tag="016" ind1="7" ind2=" ">
      <subfield code="a">FRBNF415101370000009</subfield>
      <subfield code="2">FrPBN</subfield>
    </datafield>
    <datafield tag="035" ind1=" " ind2=" ">
      <subfield code="a">(OCoLC)980557622</subfield>
    </datafield>
    <datafield tag="100" ind1="1" ind2=" ">
      <subfield code="a">Baltard, Louis Pierre,</subfield>
      <subfield code="d">1764-1846.</subfield>
      <subfield code="4">egr</subfield>
      <subfield code="1">https://id.oclc.org/worldcat/entity/E39PBJdWRv6TXfPVGxYJ7MjBfq</subfield>
    </datafield>
    <datafield tag="245" ind1="1" ind2="0">
      <subfield code="a">Pyramide élevée à l'Auguste Empereur des Français Napoléon I.er par les troupes campées dans la Plaine de Zeyst, faisant partie de l'Armée Française et Batave, commandée par le Général en Chef Marmont.</subfield>
    </datafield>
    <datafield tag="264" ind1=" " ind2="1">
      <subfield code="a">[S.l. :</subfield>
      <subfield code="b">s.n.,</subfield>
      <subfield code="c">1805.]</subfield>
    </datafield>
    <datafield tag="300" ind1=" " ind2=" ">
      <subfield code="a">1 est. :</subfield>
      <subfield code="b">gravure à l'eau-forte ;</subfield>
      <subfield code="c">24,2 x 40,4 cm.</subfield>
    </datafield>
    <datafield tag="336" ind1=" " ind2=" ">
      <subfield code="a">still image</subfield>
      <subfield code="b">sti</subfield>
      <subfield code="2">rdacontent</subfield>
    </datafield>
    <datafield tag="337" ind1=" " ind2=" ">
      <subfield code="a">unmediated</subfield>
      <subfield code="b">n</subfield>
      <subfield code="2">rdamedia</subfield>
    </datafield>
    <datafield tag="338" ind1=" " ind2=" ">
      <subfield code="a">sheet</subfield>
      <subfield code="b">nb</subfield>
      <subfield code="2">rdacarrier</subfield>
    </datafield>
    <datafield tag="500" ind1=" " ind2=" ">
      <subfield code="a">Gravure à l'eau-forte par Louis-Pierre Baltard, architecte et graveur d'après un dessin du chef de bataillon du génie Rouziès.</subfield>
    </datafield>
    <datafield tag="500" ind1=" " ind2=" ">
      <subfield code="a">Le Moniteur du 17 décembre 1804, qui annonçait cette estampe, consacrait en même temps un long article au monument lui-même, dont Marmont avait eu l'idée et que ses soldats fanatisés construisirent en 32 jours : "Il faut avoir été témoin de l'enthousiasme des troupes pour s'en former une idée juste ... Généraux, officiers, soldats y concouraient avec une activité infatigable ; les bataillons arrivaient au travail avec leurs drapeaux, que l'on réunissait au centre du monument, les tambours battaient la charge, les musiques jouaient continuellement, et ces 32 jours de travaux ne furent vraiment qu'une fête militaire ... On voyait sans cesse des pelotons d'officiers et de soldats, ayant à leur tête des généraux, venir porter des terres au son de la charge ... Cette pyramide est entièrement formée de terre végétale ... Elle est revêtue sur ses quatre faces d'un gazonnage de sept pieds d'épaisseur disposé en gradins ..., et surmontée d'un obélisque de cinquante pieds d'élévation, dans l'intérieur duquel on a pratiqué un escalier ..." L'inauguration du monument eut lieu le jour de la distribution des aigles de la Légion d'honneur.</subfield>
    </datafield>
    <datafield tag="500" ind1=" " ind2=" ">
      <subfield code="a">Sujet : Suivent les "dimensions du Monument". En marge, de part et d'autre de la légende, les "inscriptions" gravées sur les diverses faces. Au bas, à dr. : "Par le chef de Bataillon du Génie Rouziès" ; à g. : "Baltard Sculp."</subfield>
    </datafield>
    <datafield tag="500" ind1=" " ind2=" ">
      <subfield code="a">In: [Recueil. Collection de Vinck. Un siècle d'histoire de France par l'estampe, 1770-1870. Vol. 59 (pièces 7888-8005), Directoire, Consulat et Empire].</subfield>
    </datafield>
    <datafield tag="510" ind1="3" ind2=" ">
      <subfield code="a">De Vinck, 7953</subfield>
    </datafield>
    <datafield tag="600" ind1="0" ind2="4">
      <subfield code="a">Napoleon</subfield>
      <subfield code="b">I,</subfield>
      <subfield code="d">1769-1821.</subfield>
    </datafield>
    <datafield tag="651" ind1=" " ind2="7">
      <subfield code="a">Austerlitz (Utrecht)</subfield>
      <subfield code="2">gtt</subfield>
    </datafield>
    <datafield tag="700" ind1="0" ind2=" ">
      <subfield code="a">Rouziès,</subfield>
      <subfield code="d">17.-18.,</subfield>
      <subfield code="c">ingénieur en chef du génie.</subfield>
      <subfield code="0">(FrPBN)15373961.</subfield>
    </datafield>
    <datafield tag="936" ind1=" " ind2=" ">
      <subfield code="a">BATCHLOAD</subfield>
    </datafield>
  </record>